000 00521nam a22001817a 4500
003 CEME
005 20210628203241.0
008 210203b xxu||||| |||| 00| 0 eng d
020 _a9780815515357
040 _c.
082 _a671.735 BIS
100 _aBishop, Charles A
_964281
245 _aVacuum deposition onto webs, films, and foils
260 _aUSA
_bWILLIAM ANDREW PUBLISHING
_c2007
300 _aXXI, 474P
650 _aVAPOR-PLATING.VACUUM DEPOSITION ONTO WEBS, FILMS, AND FOILS
_964282
942 _cBK
_2ddc
999 _c572826
_d572826